Warhammer 40k : the factions (a good one) - Statistics

General Stats
  • This quiz has been taken 1,870 times
    1,686 since last reset
  • The average score is 14 of 21
Answer Stats
Hint Answer % Correct
Imperium Space Marines
95%
Xenos Tyranids
86%
Xenos Aeldari
85%
Xenos T'au Empire
84%
Xenos Orks
82%
Imperium Astra Militarum
81%
Xenos Necrons
76%
Imperium Adepta Sororitas
74%
Xenos Drukhari
70%
Imperium Adeptus Mechanicus
69%
Imperium Adeptus Custodes
66%
Chaos Chaos Space Marines
63%
Chaos Chaos Daemons
58%
Chaos Chaos Knights
57%
Imperium Imperial Knights
57%
Chaos Death Guard
54%
Chaos Thousand Sons
52%
Chaos World Eaters
50%
Xenos Leagues of Votann
40%
Imperium Grey Knights
35%
Xenos Genestealer cult
33%
No matching quizzes found
Score Distribution
Percent of People with Each Score
Percentile by Number Answered
Your Score History
You have not taken this quiz since the last reset